000 00353nam a22001457a 4500
008 221109b ||||| |||| 00| 0 eng d
020 _a9780470469019
041 _aeng
080 _2FOURTH EDITION
_a616.12
082 _a616.12 GET
100 _a11.2
101 _aKARDI
245 _aHEALTH ECONOMICS AND FINANCING
_cGETZEN THOMAS
942 _2udc
_cBK
999 _c58834
_d58834